Statistics for Countries Most Similar To Mali

Click here to take the quiz!

General Stats

  • This quiz has been taken 28 times
  • The average score is 12 of 20

Answer Stats

RankCountryScore% Correct
1Niger83.5
100%
4Guinea77.4
88%
2Burkina Faso82.1
81%
19Nigeria67.2
81%
5Chad75.9
75%
18Republic of the Congo67.3
75%
3Senegal79.6
75%
7Gambia72
63%
8Ivory Coast72.8
63%
14Guinea Bissau68.6
56%
11Mauritania70.8
56%
16Sudan67.3
56%
9Togo71.6
56%
10Cameroon71.1
50%
15Somalia67.9
50%
6Benin74
44%
20DRC66.3
44%
12CAR70.2
38%
17Djibouti67.3
38%
13Sierra Leone68.7
38%

Score Distribution

Percentile by Number Answered

Percent of People with Each Score

Your Score History

You have not taken this quiz